Catálogo

Estudio de casos clínicos en inmunología / (Registro nro. 43445)

Detalles MARC
000 -LEADER
fixed length control field 01351cam a2200325 i 4500
001 - CONTROL NUMBER
control field 43445
003 - CONTROL NUMBER IDENTIFIER
control field Mx-PuUPA
005 - DATE AND TIME OF LATEST TRANSACTION
control field 20240410104022.0
008 - FIXED-LENGTH DATA ELEMENTS--GENERAL INFORMATION
fixed length control field 140415s2000 sp ad fr 000 0 spa d
020 ## - INTERNATIONAL STANDARD BOOK NUMBER
International Standard Book Number 8445808982
040 ## - CATALOGING SOURCE
Original cataloging agency Mx-PuUPA
Language of cataloging spa
Transcribing agency Mx-PuUPA
Modifying agency Mx-PuUPA
Description conventions rda
041 1# - LANGUAGE CODE
Language code of text/sound track or separate title spa
Language code of original eng
100 1# - MAIN ENTRY--PERSONAL NAME
Personal name Rosen, Fred S.,
9 (RLIN) 9244
Relator term autor
240 10 - UNIFORM TITLE
Uniform title Case studies in immunology: a clinical companion.
Language of a work Español
245 10 - TITLE STATEMENT
Title Estudio de casos clínicos en inmunología /
Statement of responsibility, etc. Fred S. Rosen, Raif S. Geha ; traducción Eva Sanz, Mario Parraga [y otro]
264 #4 - PRODUCTION, PUBLICATION, DISTRIBUTION, MANUFACTURE, AND COPYRIGHT NOTICE
Place of production, publication, distribution, manufacture Barcelona, España :
Name of producer, publisher, distributor, manufacturer Masson,
Date of production, publication, distribution, manufacture, or copyright notice ©2000
300 ## - PHYSICAL DESCRIPTION
Extent vii, 214 páginas :
Other physical details ilustraciones, gráficas (principalmente en color) ;
Dimensions 28 cm
336 ## - CONTENT TYPE
Content type term texto
Fuente rdacontent
Content type code txt
337 ## - MEDIA TYPE
Media type term sin medio
Source rdamedia
Media type code n
338 ## - CARRIER TYPE
Carrier type term volumen
Source rdacarrier
Carrier type code nc
650 #7 - SUBJECT ADDED ENTRY--TOPICAL TERM
Topical term or geographic name entry element Inmunología
Source of heading or term armarc
700 1# - ADDED ENTRY--PERSONAL NAME
Personal name Geha, Raif S.,
Relator term autor
700 1# - ADDED ENTRY--PERSONAL NAME
Personal name Sanz, Eva,
Relator term traductor
700 1# - ADDED ENTRY--PERSONAL NAME
Personal name Parraga, Mario,
Relator term traductor
765 08 - ORIGINAL LANGUAGE ENTRY
Main entry heading Rosen, Fred S.,
Edition Segunda edición
Place, publisher, and date of publication [Lugar de publicación no identificada] : Garland Publishing, ©1999
Title Case studies in immunology: a clinical companion.
International Standard Book Number 0815333633
942 ## - ADDED ENTRY ELEMENTS (KOHA)
Source of classification or shelving scheme Dewey Decimal Classification
Koha item type Libro
Classification part 616.0798
Item part R788
Existencias
Withdrawn status Lost status Source of classification or shelving scheme Damaged status Not for loan Collection code Home library Current library Shelving location Date acquired Source of acquisition Total Checkouts Total Renewals Full call number Barcode Date last seen Date last checked out Copy number Price effective from Koha item type
    Dewey Decimal Classification     General Biblioteca Karol Wojtyla Biblioteca Karol Wojtyla Sala general 03/12/2013 Compra 6 1 616.0798 R788 2000 65338 05/01/2026 13/09/2021 Ej.1 14/01/2015 Libro
    Dewey Decimal Classification     General Biblioteca Karol Wojtyla Biblioteca Karol Wojtyla Sala general 03/12/2013 Compra     616.0798 ROS 2000 65339 05/01/2026 26/01/2018   14/01/2015 Libro
    Dewey Decimal Classification     General Biblioteca Karol Wojtyla Biblioteca Karol Wojtyla Sala general 03/12/2013 Compra     616.0798 R788 2000 65337 05/01/2026     14/01/2015 Reserva permanente